<?xml version="1.0" encoding="UTF-8"?><?xml-stylesheet type="text/xsl" href="static/style.xsl"?><OAI-PMH xmlns="http://www.openarchives.org/OAI/2.0/" xmlns:xsi="http://www.w3.org/2001/XMLSchema-instance" xsi:schemaLocation="http://www.openarchives.org/OAI/2.0/ http://www.openarchives.org/OAI/2.0/OAI-PMH.xsd"><responseDate>2026-04-17T03:04:11Z</responseDate><request verb="GetRecord" identifier="oai:www.recercat.cat:2072/97030" metadataPrefix="marc">https://recercat.cat/oai/request</request><GetRecord><record><header><identifier>oai:recercat.cat:2072/97030</identifier><datestamp>2024-12-13T09:21:34Z</datestamp><setSpec>com_2072_96880</setSpec><setSpec>com_2072_96875</setSpec><setSpec>com_2072_96852</setSpec><setSpec>com_2072_2015</setSpec><setSpec>col_2072_96881</setSpec></header><metadata><record xmlns="http://www.loc.gov/MARC21/slim" xmlns:dcterms="http://purl.org/dc/terms/" xmlns:xsi="http://www.w3.org/2001/XMLSchema-instance" xmlns:doc="http://www.lyncode.com/xoai" xsi:schemaLocation="http://www.loc.gov/MARC21/slim http://www.loc.gov/standards/marcxml/schema/MARC21slim.xsd">
   <leader>00925njm 22002777a 4500</leader>
   <datafield ind2=" " ind1=" " tag="042">
      <subfield code="a">dc</subfield>
   </datafield>
   <datafield ind2=" " ind1=" " tag="720">
      <subfield code="a">Grieken Salvador, Rafael van</subfield>
      <subfield code="e">author</subfield>
   </datafield>
   <datafield ind2=" " ind1=" " tag="520">
      <subfield code="a">La Comunidad de Madrid en el año 2004, a través de la
Dirección General de Universidades e Investigación, hizo la
propuesta de creación del proyecto e-ciencia al Consorcio
Madroño, eje fundamental de la política de adquisición y
mantenimiento de recursos electrónicos de información.
¿ En este proyecto se impulsaba la creación coordinada de
Archivos Abiertos Institucionales para una mayor visibilidad
Políticas de promoción del acceso abierto.
4as Jornadas OS-REPOSITORIOS. Barcelona, marzo 2010
de la investigación que se realizaba en las UU.PP.
Madrileñas y la UNED, de acuerdo a la Declaración de Berlín.
¿ Para ello, la CM aportó un presupuesto diferenciado con
respecto al que tradicionalmente venía concediendo como
ayuda para la compra consorciada de recursos electrónicos
de información.</subfield>
   </datafield>
   <datafield ind1="8" ind2=" " tag="024">
      <subfield code="a">Grieken Salvador, Rafael van (2010). "El papel de las instituciones en favor del acceso abierto".  4as Jornadas OS-Repositorios. Barcelona 3-5 marzo de 2010. &lt;http://hdl.handle.net/10609/1704></subfield>
   </datafield>
   <datafield ind1="8" ind2=" " tag="024">
      <subfield code="a">http://hdl.handle.net/10609/1704</subfield>
   </datafield>
   <datafield tag="653" ind2=" " ind1=" ">
      <subfield code="a">Accés obert</subfield>
   </datafield>
   <datafield tag="653" ind2=" " ind1=" ">
      <subfield code="a">Acceso abierto</subfield>
   </datafield>
   <datafield tag="653" ind2=" " ind1=" ">
      <subfield code="a">Open access</subfield>
   </datafield>
   <datafield tag="653" ind2=" " ind1=" ">
      <subfield code="a">Open access</subfield>
   </datafield>
   <datafield tag="653" ind2=" " ind1=" ">
      <subfield code="a">Information society -- Political aspects</subfield>
   </datafield>
   <datafield tag="653" ind2=" " ind1=" ">
      <subfield code="a">Accés obert</subfield>
   </datafield>
   <datafield tag="653" ind2=" " ind1=" ">
      <subfield code="a">Informació -- Aspectes polítics</subfield>
   </datafield>
   <datafield tag="653" ind2=" " ind1=" ">
      <subfield code="a">Acceso libre</subfield>
   </datafield>
   <datafield tag="653" ind2=" " ind1=" ">
      <subfield code="a">Información -- Aspectos políticos</subfield>
   </datafield>
   <datafield ind2="0" ind1="0" tag="245">
      <subfield code="a">El papel de las instituciones en favor del acceso abierto</subfield>
   </datafield>
</record></metadata></record></GetRecord></OAI-PMH>